| 000 | 01322aam a2200481 4500 | ||
|---|---|---|---|
| 005 | 20241127193649.0 | ||
| 008 | 150818b2008 ag ||||| |||| 00| 0 spa d | ||
| 020 | _a9788479039790 | ||
| 041 | _aESP | ||
| 082 | _a611 S437p | ||
| 100 |
_aSchünke, Michael _918762 |
||
| 100 |
_aSchulte, Erick _918763 |
||
| 100 |
_aSchumacher, Udo _918764 |
||
| 245 | _aPrometheus: texto atlas de anatomía, cabeza y neuroanatomía | ||
| 260 | _aArgentina | ||
| 260 | _bEditorial Médica Panamericana | ||
| 260 | _c2008 | ||
| 300 | _a413 páginas | ||
| 300 | _bIlustraciones a color | ||
| 650 | _aANATOMÍA HUMANA | ||
| 650 | _aCABEZA | ||
| 650 | _aHUESOS DEL CRÁNEO | ||
| 650 | _aMUSCULATURA | ||
| 650 | _aSISTEMÁTICA DE LOS VASOS | ||
| 650 | _aSISTEMÁTICA DE LOS NERVIOS CRANEALES | ||
| 650 | _aTOPOGRAFÍA | ||
| 650 | _aCAVIDAD BUCAL | ||
| 650 | _aNARIZ | ||
| 650 | _aOJOS | ||
| 650 | _aMENINGES ENCEFÁLICAS | ||
| 650 | _aLIQUIDO CEFALORRAQUÍDEO | ||
| 650 | _aTELENCÉFALO | ||
| 650 | _aDIENCÉFALO | ||
| 650 | _aTRONCO DEL ENCÉFALO | ||
| 650 | _aCEREBELO | ||
| 650 | _aVASOS SANGUÍNEOS ENCEFÁLICOS | ||
| 650 | _aMÉDULA ESPINAL | ||
| 650 | _aSISTEMA NERVIOSO VEGETATIVO | ||
| 650 | _aSISTEMAS FUNCIONALES | ||
| 650 | _aRELACIONES CLÍNICAS | ||
| 942 |
_cBK _2ddc |
||
| 999 |
_c584 _d584 |
||